000 01225nam a22003617a 4500
001 0006053
003 KOHA_MİRAKIL
005 20260207001509.0
007 ta
008 090603b1996 tu |||gr||||#0|||1|tur |
020 _a9751607841
_c0,01
040 _aTR-BiSEU
_btur
_cTR-BiSEU
_erda
041 0 _atur
044 _ctu
050 _aPL248.G45
_bC36 1996
100 0 _aGelibolulu Mustafa Ali.
245 1 _aCami'u'l-buhur der mecalis-i sur/
_cGelibolulu Mustafa Ali ; Gelibolulu Mustafa Ali; editör Ali Öztekin.
264 1 _aAnkara :
_bAtatürk Kültür Dil ve Tarih Yüksek Kurumu Türk Tarih Kurumu
_c1996
300 _aXIV, 292 sayfa; 20 cm.
336 _ametin
_btxt
_2rdacontent
337 _aaracısız
_bn
_2rdamedia
338 _acilt
_bnc
_2rdacarrier
490 1 _aAtatürk Kültür, Dil ve Tarih Yüksek Kurumu.
490 1 _aTürk Tarih Kurumu yayınları ;
_vIII.Dizi-Sa.18.
500 _aDizin var.
650 0 _aTurkish poetry.
_93912
650 0 _aSurnameler.
_914846
650 0 _aTürk şiiri.
_93914
830 1 _aAtatürk Kültür, Dil ve Tarih Yüksek Kurumu.
_96683
830 1 _aTürk Tarih Kurumu yayınları ;
_vIII.Dizi-Sa.18.
_96704
907 _aRoman
942 _2lcc
_cBK
999 _c6034
_d6034